Đang tải...
Bible : the biography /
| Tác giả chính: | |
|---|---|
| Ngôn ngữ: | Undetermined |
| Được phát hành: |
London :
Atlantic Books ,
2015.
|
| LEADER | 00525nam a2200157Ia 4500 | ||
|---|---|---|---|
| 001 | 192052 | ||
| 008 | 170722s9999 xx 000 0 und d | ||
| 020 | |a 9781782396406 | ||
| 100 | |a Armstrong, Karen | ||
| 245 | |a Bible : |b the biography / | ||
| 260 | |a London : |b Atlantic Books , |c 2015. | ||
| 300 | |a 302 p. | ||
| 923 | |d 20160121 |n 1516/GR-12 | ||
| 942 | |c GEN | ||
| 999 | |c 155622 |d 155622 | ||
| 952 | |0 0 |1 0 |4 0 |6 Q_621G_Q5 |7 0 |9 218491 |a LIB |b LIB |d 2016-02-01 |e TBS Publishers&Distributors |l 3 |o Q6:21:g Q5 |p 301326 |r 2019-04-29 |s 2019-01-30 |w 2017-08-12 |y GEN | ||